000 01483nam a2200325 i 4500
003 EG-GICUC
005 20260503163209.0
008 260503r20072008ua ||||frv||| 000 0 ara d
040 _a EG-GICUC
_bara
_c EG-GICUC
_d EG-GICUC
_erda
041 0 _aara
082 0 4 _221
_a345.532
_bا ح . ت
092 0 4 _221
099 _aLaw1 07 345.532 ا ح . ت 2008
100 0 _aأحمد مليجي.
_eمؤلف.
245 1 2 _aموسوعة الحجز الإداري التعليق على قانون الحجز الاداري.
_nالجزء الأول :
_bبأراء الفقه وأحكام النقض وأحكام المحكمة الإدارية العليا والمحاكم الأخرى والصيغ القانونية والتعليمات الإدارية وفتاوي مجلس الدولة /
_cأحمد مليجي.
250 _aالطبعة الثانية /
_bمزودة ومنقحة.
264 1 _a[غيرمحدد] :
_bدار العلم والإيمان،
_c2008.
300 _a679 صفحة ؛
_c24 سم.
336 _2rda content
_atext
337 _2rda media
_aComputer
338 _2rda carrier
_aOnline Resource
500 _aأي نسخة غير موقع عليها من المؤلف فهي مزورة.
546 _aالنص باللغة العربية
650 1 4 _aالحجز علي المال العام
_2qrmak
650 1 4 _2qrmak
651 1 _2qrmak
856 4 0 _uhttps://fll.law.cu.edu.eg/fulltext/bks/B07-05029.pdf
905 _a62
942 _2ddc
_cBK
_e21
_n0
999 _c75259
_d75259